Communicative English For Globalization/ (Record no. 212087)

MARC details
000 -LEADER
fixed length control field 00578nam a22001937a 4500
005 - DATE AND TIME OF LATEST TRANSACTION
control field 20250704124840.0
010 ## - LCCN (DPL NO)
LC control number ENG-145654
020 ## - INTERNATIONAL STANDARD BOOK NUMBER
Terms of availability 850.00
International Standard Book Number 9788170545644
035 ## - SYSTEM CONTROL NUMBER
System control number EN-129186
037 ## - SOURCE OF ACQUISITION
Source of stock number/acquisition DBAD
082 ## - DEWEY DECIMAL CLASSIFICATION NUMBER
Classification number 482.02
100 ## - MAIN ENTRY--PERSONAL NAME
Personal name Gautam, G. S.
245 ## - TITLE STATEMENT
Title Communicative English For Globalization/
Statement of responsibility, etc G. S. Gautam
250 ## - EDITION STATEMENT
Edition statement 1
260 ## - PUBLICATION, DISTRIBUTION, ETC. (IMPRINT)
Place of publication, distribution, etc Karampura
Name of publisher, distributor, etc Classical Publishing Company
Date of publication, distribution, etc 2012
270 ## - ADDRESS
City New Delhi
Address 28, Shopping Centre, Karampura, New Delhi
Postal code 110015
300 ## - PHYSICAL DESCRIPTION
Extent 368 p.
Dimensions 22 cm(hb)
942 ## - ADDED ENTRY ELEMENTS (KOHA)
Source of classification or shelving scheme Dewey Decimal Classification
Item type English Books
Classification part 482.02
Call number suffix GAU
Holdings
Withdrawn status Lost status Not for loan Collection code Home library Current library Date acquired Source of acquisition Cost, normal purchase price Full call number Barcode Copy number Cost, replacement price Koha item type
      Non-fiction Central Jail Tihar Central Jail Tihar 04/07/2025 DBAD 850.00 482.02 GAU EN-129186 1 850.00 English Books

© Delhi Public Library
Hit Counter
free hit counter